Higher or lower country size - Statistics

General Stats
  • This quiz has been taken 1,051 times
  • The average score is 8 of 15
Answer Stats
Question Answer % Correct
13 Poland
76%
9 Brazil
65%
6 Chad
62%
11 D.R.Congo
62%
5 Saudi Arabia
61%
4 Lebanon
60%
14 North korea
57%
10 Venezuela
52%
2 Ethiopia
51%
3 Argentina
50%
8 Tajikistan
50%
1 China
49%
12 Cuba
46%
15 Siberia
45%
7 Central African Republic
35%
No matching quizzes found
Score Distribution
Percent of People with Each Score
Percentile by Number Answered
Your Score History
You have not taken this quiz